000 00324nam a2200133Ia 4500
008 230312s9999||||xx |||||||||||||| ||und||
020 _a0-7645-3619-2
082 _a005.44
_bREF
245 0 _aTeach Yourself Visually Windows XP
260 _bWiley
_aUSA
_c2001
300 _a307
650 _aComputer
_vComputer
942 _cBK
999 _c15529
_d15529